Voyages de Richard Pockocke... en Orient, dans l'Egypte, l'Arabie, la Palestine, la Syrie, la Grèce, la Thrace, &c. ... /

محفوظ في:

المؤلف الرئيسي: Pococke, Richard, ‪ Bp. of Meath, 1704-1765 (مؤلف)

التنسيق: كتاب

اللغة: French
English

منشور في: Paris : Hachette, 2013, c1772-73.

الموضوعات:

الوسوم: إضافة وسم

لا توجد وسوم, كن أول من يضع وسما على هذه التسجيلة!

رقم الطلب: DS47 .P735 v.1-7

LEADER 00859namaa2200253 4500
001 23702
003 OSt
005 20250406092844.0
008 211120r20131772fr 000 0 fre d
020 |a 9782012157453 
040 |c ARCE Library 
041 1 |a fre  |h eng 
043 |a aw--- 
050 4 |a DS47 .P735 v.1-7 
100 1 |a Pococke, Richard, ‪  |c Bp. of Meath,   |d 1704-1765,   |e author  |9 37725 
245 1 0 |a Voyages de Richard Pockocke... en Orient, dans l'Egypte, l'Arabie, la Palestine, la Syrie, la Grèce, la Thrace, &c. ... /   |c Traduits de l'anglois sur la seconde édition, par une Société de gens de lettres...  
264 1 |a Paris :   |b Hachette,   |c 2013, c1772-73. 
300 |a volumes ;   |c 18 cm. 
555 |a Hadeer 
650 0 |a Travel. 
651 0 |a Middle East  |x Description and travel. 
901 |a reviewed 
942 |c BK  |2 lcc 
999 |c 22798  |d 22798